Cervantes / (Record no. 122379)
[ view plain ]
| 000 -LEADER | |
|---|---|
| fixed length control field | 00650cam a2200217 i 4500 |
| 001 - CONTROL NUMBER | |
| control field | 1019979 |
| 003 - CONTROL NUMBER IDENTIFIER | |
| control field | ARRUPE |
| 005 - DATE AND TIME OF LATEST TRANSACTION | |
| control field | 20150414120612.0 |
| 008 - FIXED-LENGTH DATA ELEMENTS--GENERAL INFORMATION | |
| fixed length control field | 790518s1956 sp b 001 0bspa d |
| 035 ## - SYSTEM CONTROL NUMBER | |
| System control number | (OCoLC)ocm04977721 |
| 035 ## - SYSTEM CONTROL NUMBER | |
| System control number | (NNC)1019979 |
| 040 ## - CATALOGING SOURCE | |
| Original cataloging agency | FGM |
| Transcribing agency | FGM |
| Modifying agency | m.c. |
| -- | OCL |
| -- | RQO |
| 090 ## - LOCALLY ASSIGNED LC-TYPE CALL NUMBER (OCLC); LOCAL CALL NUMBER (OCLC) | |
| Classification number (OCLC) (R) ; Classification number, CALL (RLIN) (NR) | PQ6337.J813 1955 |
| 300 ## - PHYSICAL DESCRIPTION | |
| Dimensions | 22 cm. |
| 100 1# - MAIN ENTRY--PERSONAL NAME | |
| Personal name | Juan Arbo, Sebastian |
| Dates associated with a name | 1902-1984. |
| 9 (RLIN) | 16129 |
| 245 10 - TITLE STATEMENT | |
| Title | Cervantes / |
| Statement of responsibility, etc | Sebastian Juan Arbó. |
| Remainder of title | the man and his time |
| 260 ## - PUBLICATION, DISTRIBUTION, ETC. (IMPRINT) | |
| Place of publication, distribution, etc | New York : |
| Name of publisher, distributor, etc | The Vanguard Press, |
| Date of publication, distribution, etc | 1955. |
| 300 ## - PHYSICAL DESCRIPTION | |
| Extent | 261p. ; |
| 600 10 - SUBJECT ADDED ENTRY--PERSONAL NAME | |
| Personal name | Cervantes Saavedra, Miguel de, |
| Dates associated with a name | 1547-1616. |
| 9 (RLIN) | 16130 |
| 942 ## - ADDED ENTRY ELEMENTS (KOHA) | |
| Source of classification or shelving scheme | Library of Congress Classification |
| Koha item type | Monograph ( Printed materials) |
| Withdrawn status | Lost status | Source of classification or shelving scheme | Damaged status | Not for loan | Collection code | Home library | Current library | Shelving location | Date acquired | Total Checkouts | Full call number | Barcode | Date last seen | Price effective from | Koha item type |
|---|---|---|---|---|---|---|---|---|---|---|---|---|---|---|---|
| Library of Congress Classification | Main Collection | ARRUPE LIBRARY | ARRUPE LIBRARY | Main Collection | 10/03/2015 | PQ6337.J813 1955 | 46003071348 | 26/03/2019 | 10/03/2015 | Monograph ( Printed materials) |